Das Phänomen Homer in Papyri, Handschriften und Drucken /

محفوظ في:

مؤلف مشترك: Österreichische Nationalbibliothek. Papyrusmuseum.

مؤلفون آخرون: Römer, Cornelia

التنسيق: كتاب

اللغة: German

منشور في: Wien : Phoibos Verlag, 2009.

سلاسل: Nilus ; 16.

الموضوعات:

الوسوم: إضافة وسم

لا توجد وسوم, كن أول من يضع وسما على هذه التسجيلة!

رقم الطلب: PA4038 .R66 2009

LEADER 00977nam a22002777a 4500
003 OSt
005 20251006115031.0
008 251006t2009 au afh bc 000 0bger d
020 |a 9783851610147 (hd.bd.) 
040 |c ARCE Library 
050 1 4 |a PA4038  |b .R66 2009 
245 0 4 |a Das Phänomen Homer in Papyri, Handschriften und Drucken /  |c herausgegeben von Cornelia Eva Römer. 
264 1 |a Wien :   |b Phoibos Verlag,   |c 2009. 
300 |a viii, 128 p. :   |b ill., facsims., plates ;   |c 25 cm. 
490 1 |a Nilus ;  |v 16. 
500 |a Catalog of an exhibition held in the Austrian National Library, Papyrusmuseum. 
504 |a Includes bibliographical references. 
555 |a Hadeer 
600 0 0 |a Homer  |v Exhibitions. 
650 0 |a Epic poetry, Greek  |x History and criticism  |v Exhibitions. 
700 1 |a Römer, Cornelia,  
710 2 |a Österreichische Nationalbibliothek.  |b Papyrusmuseum. 
830 0 |a Nilus ;   |v 16. 
901 |a reviewed 
942 |c BK  |2 lcc 
999 |c 24388  |d 24388